China and Global Climate Governance (Record no. 4137)

MARC details
000 -LEADER
fixed length control field 00320nam a22001217a 4500
003 - CONTROL NUMBER IDENTIFIER
control field OSt
005 - DATE AND TIME OF LATEST TRANSACTION
control field 20250924161131.0
008 - FIXED-LENGTH DATA ELEMENTS--GENERAL INFORMATION
fixed length control field 250924b |||||||| |||| 00| 0 eng d
040 ## - CATALOGING SOURCE
Transcribing agency China Intercontinental Press
082 ## - DEWEY DECIMAL CLASSIFICATION NUMBER
Classification number 363.738746
Item number HAI
245 ## - TITLE STATEMENT
Title China and Global Climate Governance
Statement of responsibility, etc. Zhang Haibin
942 ## - ADDED ENTRY ELEMENTS (KOHA)
Source of classification or shelving scheme Dewey Decimal Classification
Koha item type Books
Holdings
Withdrawn status Lost status Source of classification or shelving scheme Damaged status Not for loan Home library Current library Date acquired Total Checkouts Full call number Barcode Date last seen Price effective from Koha item type
    Dewey Decimal Classification     Continental House Library Continental House Library 09/24/2025   363.738746 HAI 2025/0119 09/24/2025 09/24/2025 Books
LIBRARY OPENING HOURS

When the Parliament is sitting: 8.00a.m - 7.00p.m or until the house adjourns
Mondays and Fridays and when the House is on Recess:  8.00a.m - 5.00p.m
Closed on Weekends and Public Holidays

Online Public Access Catalog (OPAC)
Website: http://www.parliament.go.ke
Bunge Library: https://libraryir.parliament.go.ke
Contact: library@parliament.go.ke | Tel no: (254-2)2221291 or 2848000 Ext 5043